Từ xưng hô trong các tác phẩm viết cho thiếu nhi của nhà văn Tô Hoài
Cơ sở lý luận...Thống kê, phân loại nhận xét từ xưng hô trong các tác phẩm viết cho thiếu nhi của nhà văn Tô Hoài...Nội dung - ý nghĩa từ xưng hô trong các tác phẩm viết cho thiếu nhi của nhà văn Tô Hoài...
সংরক্ষণ করুন:
| প্রধান লেখক: | |
|---|---|
| অন্যান্য লেখক: | |
| বিন্যাস: | গ্রন্থ |
| ভাষা: | Vietnamese |
| প্রকাশিত: |
Đại học Sư Phạm
Đại học Đà Nẵng
2009
|
| বিষয়গুলি: | |
| ট্যাগগুলো: |
ট্যাগ যুক্ত করুন
কোনো ট্যাগ নেই, প্রথমজন হিসাবে ট্যাগ করুন!
|
| Thư viện lưu trữ: | Mạng thư viện Đại học Đà Nẵng |
|---|
| LEADER | 01462nam a2200325 4500 | ||
|---|---|---|---|
| 001 | 000011714 | ||
| 003 | 7981 | ||
| 005 | 20120208140220.0 | ||
| 008 | 120208s2009 viesd | ||
| 041 | |a vie | ||
| 072 | |a Khóa luận tốt nghiệp -Giaó dục tiểu học mầm non | ||
| 082 | |a 372.64 |b LE-L | ||
| 100 | 1 | |a Lê, Thị Hoàng Lý | |
| 245 | 1 | |a Từ xưng hô trong các tác phẩm viết cho thiếu nhi của nhà văn Tô Hoài |c Lê, Thị Hoàng Lý | |
| 260 | |a Đại học Sư Phạm |b Đại học Đà Nẵng |c 2009 | ||
| 300 | |a 73 tr. |c 29 cm. | ||
| 500 | |a Khóa luận tốt nghiệp | ||
| 520 | |a Cơ sở lý luận...Thống kê, phân loại nhận xét từ xưng hô trong các tác phẩm viết cho thiếu nhi của nhà văn Tô Hoài...Nội dung - ý nghĩa từ xưng hô trong các tác phẩm viết cho thiếu nhi của nhà văn Tô Hoài... | ||
| 653 | |a Tô Hoài | ||
| 700 | |a Nguyễn, Thị Thúy Nga |c Th.S |e Người hướng dẫn | ||
| OWN | |a LSP | ||
| AVA | |a UDN50 |b LSP |d 372.64 LE-L |e available |t Error 5001 Not defined in file expand_doc_bib_avail. |f 1 |g 0 |h N |i 0 |k 1 | ||
| 999 | |a From the UDN01 | ||
| AVA | |a UDN50 |b LSP |d 372.64 LE-L |e available |t Error 5001 Not defined in file expand_doc_bib_avail. |f 1 |g 0 |h N |i 0 |k 1 | ||
| TYP | |a Monograph | ||
| TYP | |a Printed language | ||
| 980 | |a Mạng thư viện Đại học Đà Nẵng | ||